Sports Quiz

Random Sports or Golf Quiz

Olympic Sports Equipment Quiz Stats

 Plays Quiz Updated Sep 22, 2017

Challenge
Share
Tweet
Score 0/23 Timer 04:00
10 Plays Today
% Correct
Track Cycling
92.7%
Surfing
92.3%
Golf
92.2%
Weightlifting
92.2%
Diving
91.3%
Trampoline Gymnastics
91.3%
Shooting
91.3%
Tennis
90.6%
Fencing
89.6%
Rhythmic
Gymnastics
89.5%
Table Tennis
89.3%
Badminton
89.1%
% Correct
Field
Hockey
88.6%
Canoeing|Kayaking
88.4%
Archery
88.3%
Rugby Sevens
88.2%
Basketball
86.3%
Equestrian
85.9%
Football
(Soccer)
84.6%
Handball
77.2%
Water Polo
74.9%
Rowing
71.2%
Volleyball
51.7%

You're not logged in!

Compare scores with friends on all Sporcle quizzes.
OR
Log In

You Might Also Like...

Show Comments

Extras

Top Quizzes Today


Score Distribution

Your Account Isn't Verified!

In order to create a playlist on Sporcle, you need to verify the email address you used during registration. Go to your Sporcle Settings to finish the process.

Report this User

Report this user for behavior that violates our Community Guidelines.

Details: